| 000 | 00468nam a2200157Ia 4500 | ||
|---|---|---|---|
| 008 | 230718s9999 xx 000 0 und d | ||
| 041 | _aeng | ||
| 082 |
_a511.3 _bTRE |
||
| 100 |
_aTremblay J.P. _9121170 |
||
| 245 | _aDiscrete Mathematical Structures With Applications To Computer Science | ||
| 260 |
_c2003 _bTata McGraw-Hill |
||
| 300 | _a606 | ||
| 365 |
_cRs. _b250.00 |
||
| 700 | _aTremblay J.P. & Manohar R. | ||
| 906 |
_dB:5209/19.07.200428-Aug-2005 _cMATHS _b50 |
||
| 999 |
_c307952 _d307952 |
||